[Event "Challenge"]
[Site "http://www.queenalice.com/game.php?id=135917"]
[Date "2006.12.1"]
[Round "-"]
[White "colina"]
[Black "Edgar"]
[Result "0-1"]
[WhiteElo "1514"]
[BlackElo "2096"]

1. e4 e5 2. Nf3 Nc6 3. Bb5 Nd4 4. Nxd4 exd4 5. O-O Ne7 6. d3 a6 7. Bc4 Nc6 8. a4
Ne5 9. Bb3 Bd6 10. f4 Ng6 11. g3 O-O 12. Qh5 Be7 13. Nd2 d6 14. Nf3 c5 15. Bd2
Be6 16. Bxe6 fxe6 17. h4 Qd7 18. Kg2 d5 19. Ng5 Bxg5 0-1

[Event "Challenge"]
[Site "http://www.queenalice.com/game.php?id=135922"]
[Date "2006.12.1"]
[Round "-"]
[White "colina"]
[Black "Pato"]
[Result "1-0"]
[WhiteElo "1500"]
[BlackElo "2070"]

1. e4 Nc6 2. Nf3 d5 3. exd5 Qxd5 4. Nc3 Qa5 5. d4 Bg4 6. Bb5 a6 7. Bxc6+ bxc6 8.
Qd3 Bxf3 9. Qxf3 Qb6 10. O-O e6 11. Be3 Qb7 12. Rfe1 Nf6 13. Ne4 Be7 14. b4 O-O
15. Bg5 Nxe4 16. Bxe7 Rfe8 17. Qxe4 Rxe7 18. a3 a5 19. c3 axb4 20. axb4 Ree8 21.
Qe5 Ra7 22. f4 g6 23. Rxa7 Qxa7 24. f5 gxf5 25. Re3 Qa1+ 26. Kf2 Qa2+ 27. Kg3
Qd5 28. Qxc7 Rd8 29. Kf4 Rd6 30. Qe7 1-0

[Event "Challenge"]
[Site "http://www.queenalice.com/game.php?id=135925"]
[Date "2006.12.1"]
[Round "-"]
[White "colina"]
[Black "ALL"]
[Result "0-1"]
[WhiteElo "1494"]
[BlackElo "2128"]

1. e4 e5 2. Nf3 Nc6 3. Bb5 a6 4. Ba4 Nf6 5. O-O Be7 6. Re1 b5 7. Bb3 d6 8. c3
O-O 9. h3 Na5 10. Bc2 c5 11. d4 Qc7 12. Nbd2 Rd8 13. Nf1 cxd4 14. cxd4 d5 15.
Nxe5 dxe4 16. Bf4 Qb6 17. Be3 Bb7 18. b3 Rac8 0-1

[Event "Challenge"]
[Site "http://www.queenalice.com/game.php?id=135934"]
[Date "2006.12.1"]
[Round "-"]
[White "colina"]
[Black "tpstar"]
[Result "0-1"]
[WhiteElo "1508"]
[BlackElo "2113"]

1. e4 e5 2. Nf3 Nc6 3. Bb5 a6 4. Ba4 Nf6 5. O-O Nxe4 6. d4 b5 7. Bb3 d5 8. dxe5
Be6 9. Qe2 Be7 10. Rd1 O-O 11. c4 bxc4 12. Bxc4 Bc5 13. Be3 Bxe3 14. Qxe3 Nb4
15. Bb3 a5 16. a3 Na6 17. Nc3 Nxc3 18. Qxc3 c5 19. Bc2 Qe7 20. Rab1 Rfd8 21. h3
g6 0-1

[Event "Challenge"]
[Site "http://www.queenalice.com/game.php?id=135939"]
[Date "2006.12.1"]
[Round "-"]
[White "colina"]
[Black "NextFuture"]
[Result "0-1"]
[WhiteElo "1514"]
[BlackElo "2158"]

1. e4 e6 2. d4 d5 3. Nc3 Bb4 4. e5 c5 5. a3 Bxc3+ 6. bxc3 Qc7 7. Qg4 f6 8. exf6
Nxf6 9. Bb5+ Kf7 10. Qf3 cxd4 11. Ne2 e5 12. O-O a6 13. Ba4 Bg4 14. Qd3 e4 15.
Qd2 Bxe2 16. Qxe2 Qc4 17. Qxc4 dxc4 18. cxd4 b5 19. Rb1 Rd8 20. c3 bxa4 21. f3
exf3 22. Rxf3 Rd5 23. Rb4 Nd7 24. Rxc4 Rb8 25. Bf4 Rb1+ 26. Kf2 Rb3 27. Bc1 Nb6
28. Rc6 Kg8 29. Rf4 Rd8 30. c4 Rc3 31. Bd2 Rc2 32. Rxb6 Rxd2+ 33. Ke3 Ra2 34. d5
Rxa3+ 35. Kd4 Rb3 36. Rxa6 a3 37. Rf3 Rdb8 38. Rxa3 Rb2 39. Rg3 Rd2+ 40. Rad3
Rxd3+ 41. Rxd3 Rb2 42. c5 Rxg2 43. c6 Ne8 44. Rc3 Rxh2 45. c7 Nxc7 0-1

[Event "Challenge"]
[Site "http://www.queenalice.com/game.php?id=137772"]
[Date "2006.12.6"]
[Round "-"]
[White "colina"]
[Black "bohinky"]
[Result "0-1"]
[WhiteElo "1500"]
[BlackElo "2050"]

1. e4 d5 2. exd5 Qxd5 3. Nc3 Qd6 4. d4 Nf6 5. h3 a6 6. Nf3 Nbd7 7. Bd3 e6 8. O-O
Be7 9. a4 b6 10. b3 Bb7 11. Ba3 c5 12. Qe2 O-O 13. Rad1 Nd5 14. Ne4 Qc7 15. Neg5
Nc3 16. Qe1 Nxd1 17. Nxe6 fxe6 18. Qxe6+ Kh8 19. Qxe7 Bxf3 20. gxf3 Nc3 21. dxc5
bxc5 22. Bb2 Rae8 23. Qh4 Ne2+ 24. Kh1 Nf6 25. Bxf6 gxf6 26. Rd1 Nd4 27. Qh5 Rg8
28. c3 Qg7 0-1

[Event "Challenge"]
[Site "http://www.queenalice.com/game.php?id=138828"]
[Date "2006.12.8"]
[Round "-"]
[White "colina"]
[Black "Harir"]
[Result "0-1"]
[WhiteElo "1514"]
[BlackElo "2085"]

1. e4 e5 2. Nf3 Nc6 3. Bb5 Nf6 4. O-O Bc5 5. c3 O-O 6. d4 Bb6 7. d5 Ne7 8. Bd3
d6 9. h3 c6 10. c4 cxd5 11. cxd5 Nh5 12. Kh2 f5 13. exf5 Nf4 14. Bxf4 exf4 15.
Nc3 Nxf5 16. Ne4 Nd4 17. Neg5 Nxf3+ 18. Nxf3 Qf6 19. Qd2 Bd7 20. Rfe1 Rfe8 21.
Rac1 Rxe1 22. Rxe1 Rc8 23. Bb1 Re8 24. Qc2 h6 25. Rxe8+ Bxe8 26. Qc8 Kf8 27. Qc2
Bd7 28. b3 Qf7 29. Qd2 Kg8 30. Kg1 a5 31. Be4 Qe7 32. Qd3 Qf6 33. Qd2 Kh8 34.
Bb1 Kg8 35. Qc2 Qe7 36. Qh7+ Kf8 37. Qg6 Bxf2+ 38. Kh1 Be8 39. Qf5+ Qf7 40. Qe4
Be3 41. Nd4 Bxd4 42. Qxd4 f3 43. Kg1 fxg2 44. Kxg2 Qh5 0-1

[Event "Challenge"]
[Site "http://www.queenalice.com/game.php?id=138834"]
[Date "2006.12.8"]
[Round "-"]
[White "Alsina"]
[Black "colina"]
[Result "1-0"]
[WhiteElo "2382"]
[BlackElo "1516"]

1. d4 Nf6 2. c4 g6 3. Nf3 d6 4. g3 Bg7 5. Bg2 O-O 6. O-O Nbd7 7. Nc3 e5 8. e4 c6
9. h3 Qc7 10. d5 Nc5 11. Ne1 a5 12. Nd3 Nfd7 13. Be3 f5 14. exf5 gxf5 15. dxc6
bxc6 16. Nb5 Qb8 17. Bxc6 Ra6 18. Nxc5 Rxc6 19. Qd5+ Kh8 20. Qxc6 Nxc5 21. Qxd6
Qxd6 22. Nxd6 Nd3 23. Rad1 Nxb2 24. Rd2 e4 25. f3 Ba6 26. fxe4 Nxc4 27. Nxc4
Bxc4 28. Rxf5 1-0

[Event "Challenge"]
[Site "http://www.queenalice.com/game.php?id=139986"]
[Date "2006.12.11"]
[Round "-"]
[White "jimwilson"]
[Black "colina"]
[Result "1-0"]
[WhiteElo "2033"]
[BlackElo "1500"]

1. d4 Nf6 2. c4 g6 3. Nc3 c5 4. dxc5 Qa5 5. Bd2 Qxc5 6. e4 d6 7. Nd5 Bg7 8. b4
Qc6 9. Bc3 b6 10. Nf3 Bg4 11. Be2 Bxf3 12. Bxf3 Qxc4 13. Bxf6 Bxf6 14. Rc1 Qxa2
15. Nxf6+ Kf8 16. Rc8+ Kg7 17. Rxh8 Kxh8 18. Nd5 1-0

[Event "Challenge"]
[Site "http://www.queenalice.com/game.php?id=139987"]
[Date "2006.12.11"]
[Round "-"]
[White "Pato"]
[Black "colina"]
[Result "1/2-1/2"]
[WhiteElo "2047"]
[BlackElo "1500"]

1. e4 e5 2. d4 exd4 3. c3 d6 4. Bc4 Nc6 5. Nf3 h6 6. O-O Nf6 7. Qb3 Qe7 8. cxd4
g6 9. e5 dxe5 10. dxe5 Ng4 11. Nc3 Bg7 12. Nd5 Qd7 13. Rd1 Na5 14. Qb4 Nc6 15.
Qc5 Bf8 16. Qb5 a6 17. Qa4 Ncxe5 18. Nf6+ Nxf6 19. Rxd7 Bxd7 20. Qb3 Nxc4 21.
Qxc4 Bd6 22. Qe2+ Be6 23. Nd4 O-O-O 24. Nxe6 Rde8 25. Qf3 Rxe6 26. Be3 h5 27. h3
Rhe8 28. b4 R8e7 29. Rb1 Ne4 30. b5 axb5 31. Rxb5 f5 32. Rb1 h4 33. a4 Nc5 34.
a5 Re4 35. Rd1 R7e6 36. Rf1 Nb3 37. a6 bxa6 38. Qd1 Na5 39. Qd5 Nc4 40. Qa8+ Kd7
41. Bg5 a5 42. Qd8+ Kc6 43. Bxh4 Re8 44. Qg5 R8e6 45. Qd8 Re8 46. Qf6 R8e6 47.
Qf7 a4 48. Bf6 a3 49. g3 Re2 50. Rc1 Re1+ 51. Rxe1 Rxe1+ 52. Kg2 Kc5 53. Qxg6 a2
54. Qxf5+ Kb4 55. Qc2 a1=R 56. Qc3+ Kb5 57. Qxa1 Rxa1 58. Bxa1 Be5 59. Bxe5 Nxe5
60. f4 Nf7 61. Kf3 Kb4 62. Ke2 Kb3 63. Kd2 c5 64. Kc1 Kc3 65. g4 Kd4 66. Kc2 Ke4
67. f5 Kf4 68. Kc3 Kg3 69. Kc4 Kxh3 70. Kxc5 Kxg4 71. Kc4 Kxf5 72. Kd5 Ne5
1/2-1/2

[Event "Challenge"]
[Site "http://www.queenalice.com/game.php?id=139989"]
[Date "2006.12.11"]
[Round "-"]
[White "markus765432"]
[Black "colina"]
[Result "1-0"]
[WhiteElo "2058"]
[BlackElo "1510"]

1. e4 c5 2. Nf3 d6 3. d4 cxd4 4. Nxd4 Nf6 5. Nc3 g6 6. Be3 Bg7 7. f3 O-O 8. Qd2
Nc6 9. O-O-O Nxd4 10. Bxd4 Be6 11. Nd5 Bxd5 12. exd5 Rc8 13. h4 Qc7 14. c3 Qa5
15. Kb1 Qxd5 16. Bxa7 Qxd2 17. Rxd2 Nd7 18. h5 1-0

[Event "Challenge"]
[Site "http://www.queenalice.com/game.php?id=139992"]
[Date "2006.12.11"]
[Round "-"]
[White "littleboo"]
[Black "colina"]
[Result "1-0"]
[WhiteElo "2083"]
[BlackElo "1506"]

1. e4 c5 2. Nf3 d6 3. Nc3 Nf6 4. d4 cxd4 5. Nxd4 g6 6. Bb5+ Bd7 7. O-O a6 8. Bc4
Bg7 9. Be3 O-O 10. Qd2 Nc6 11. Nxc6 Bxc6 12. f3 b5 13. Bb3 Rc8 14. a4 b4 15. Nd5
Bxd5 16. exd5 a5 17. c3 bxc3 18. bxc3 Rb8 19. Bc4 1-0

[Event "Challenge"]
[Site "http://www.queenalice.com/game.php?id=139993"]
[Date "2006.12.11"]
[Round "-"]
[White "fatharry"]
[Black "colina"]
[Result "0-1"]
[WhiteElo "2018"]
[BlackElo "1500"]

1. e4 g6 2. d4 Bg7 3. Be3 d6 4. Bd3 e5 5. Nf3 Nc6 6. d5 Nce7 7. Nbd2 f5 8. exf5
gxf5 9. Ng5 Nf6 10. Be2 O-O 11. f4 Nexd5 12. Bc4 h6 13. Ndf3 c6 14. fxe5 dxe5
15. h4 Qe7 16. Qe2 Qb4+ 17. c3 Qe7 18. O-O-O hxg5 19. hxg5 Ng4 20. Rxd5 cxd5 21.
Bxd5+ Be6 22. Bc5 Qf7 23. Bxe6 Qxe6 24. Bxf8 Rxf8 25. Kb1 Rd8 26. g3 Qd6 27. Nh4
Qd3+ 28. Qxd3 Rxd3 29. Nxf5 e4 30. Re1 Nf2 31. Re2 Rf3 32. Ne7+ Kf7 33. Nc8 Be5
34. Nxa7 Bxg3 35. Nb5 Be5 36. Na3 Kg6 37. Nc4 Bf4 38. Kc2 Kxg5 39. Na5 b5 40.
Nc6 Be3 41. Ne5 Rg3 42. Nf7+ Kf4 43. Nd6 Rg5 44. Kb3 Rd5 45. Nb7 Kf3 46. Re1 Nd3
47. Rh1 Bf2 48. c4 Re5 49. Nd6 b4 50. Rd1 Ke2 51. Rh1 e3 52. Kc2 Nc5 53. Nb5 Re4
54. b3 Kf3 55. a3 bxa3 56. Nc3 Rd4 0-1

[Event "Challenge"]
[Site "http://www.queenalice.com/game.php?id=139995"]
[Date "2006.12.11"]
[Round "-"]
[White "mikaio"]
[Black "colina"]
[Result "1-0"]
[WhiteElo "2045"]
[BlackElo "1492"]

1. Nf3 d5 2. g3 c6 3. Bg2 Bf5 4. d4 h6 5. Nc3 Nf6 6. O-O e6 7. a3 a5 8. Re1 Nbd7
9. Bf4 Be7 10. Ne5 O-O 11. e4 dxe4 12. Nxe4 Nd5 13. Bc1 Qc7 14. Nxd7 Qxd7 15. c3
a4 16. Bd2 b5 17. f4 Rac8 18. Be3 1-0

[Event "Challenge"]
[Site "http://www.queenalice.com/game.php?id=139997"]
[Date "2006.12.11"]
[Round "-"]
[White "bohinky"]
[Black "colina"]
[Result "0-1"]
[WhiteElo "2051"]
[BlackElo "1500"]

1. d4 Nf6 2. c4 g6 3. Nf3 d5 4. Nc3 Bg7 5. Bg5 c6 6. h3 O-O 7. e3 Be6 8. cxd5
Nxd5 9. Bd3 h6 10. Bh4 Nd7 11. O-O N7f6 12. Rc1 Qd7 13. Ne5 Qe8 14. a3 Nd7 15.
Nxd5 Bxd5 16. Nxd7 Qxd7 17. Bc4 e6 18. Qg4 Bxc4 19. Rxc4 g5 20. Bg3 Rad8 21. h4
Qe7 22. hxg5 Qxg5 23. Qxg5 hxg5 24. b4 Rd7 25. a4 a6 26. Rc5 Rd5 27. Rfc1 Rfd8
28. a5 Bf8 29. Rxd5 Rxd5 30. Rb1 Rb5 31. Bc7 Kg7 32. g4 Bxb4 33. Kg2 Kg6 34. Kf3
f5 35. gxf5+ exf5 36. Ke2 Kf6 37. Kd3 Ke6 38. Kc4 Bxa5 0-1

[Event "Challenge"]
[Site "http://www.queenalice.com/game.php?id=139998"]
[Date "2006.12.11"]
[Round "-"]
[White "Reddaz"]
[Black "colina"]
[Result "1-0"]
[WhiteElo "1995"]
[BlackElo "1514"]

1. e4 c5 2. Nf3 d6 3. Bc4 e6 4. d4 cxd4 5. Nxd4 a6 6. O-O Nf6 7. Re1 b5 8. Bb3
Bb7 9. Nd2 Qd7 10. c4 Nc6 11. Nxc6 Bxc6 12. Qc2 Qb7 13. cxb5 axb5 14. Nf3 Bxe4
15. Qd1 Bxf3 16. Qxf3 Qxf3 17. gxf3 Be7 18. Bg5 O-O 19. Rac1 h6 20. Bxf6 1-0

[Event "Challenge"]
[Site "http://www.queenalice.com/game.php?id=144950"]
[Date "2006.12.22"]
[Round "-"]
[White "colina"]
[Black "dladetto"]
[Result "0-1"]
[WhiteElo "1516"]
[BlackElo "1889"]

1. e4 e5 2. Nf3 Nf6 3. d4 exd4 4. e5 Ne4 5. Qxd4 f5 6. exf6 Nxf6 7. Nc3 Nc6 8.
Qd1 Bb4 9. Qe2+ Qe7 10. Bd2 a6 11. h3 d5 12. Qxe7+ Kxe7 13. O-O-O Re8 14. Bd3 g6
15. Rhe1+ Kf7 16. Ng5+ Kg7 17. Rxe8 Nxe8 18. Nxd5 Bxd2+ 19. Rxd2 Nd6 20. Nxc7
Ra7 21. Ne4 Nxe4 22. Bxe4 Ne5 23. Rd8 Bf5 24. Bxf5 gxf5 25. Ra8 Rxa8 0-1

[Event "Challenge"]
[Site "http://www.queenalice.com/game.php?id=145192"]
[Date "2006.12.23"]
[Round "-"]
[White "Ftrupel"]
[Black "colina"]
[Result "1-0"]
[WhiteElo "1845"]
[BlackElo "1514"]

1. e4 Nf6 2. Nc3 d6 3. d4 g6 4. Bg5 Bg7 5. Qd2 c6 6. Nf3 O-O 7. Bd3 Nbd7 8. h3
Qc7 9. Nh2 e5 10. Ne2 a6 11. Bh6 Re8 12. Ng4 exd4 13. Bxg7 Kxg7 14. Nxd4 Nxg4
15. hxg4 1-0

[Event "Challenge"]
[Site "http://www.queenalice.com/game.php?id=145195"]
[Date "2006.12.23"]
[Round "-"]
[White "Sherlock6834"]
[Black "colina"]
[Result "1-0"]
[WhiteElo "1797"]
[BlackElo "1500"]

1. e4 g6 2. d4 Bg7 3. Nf3 d6 4. c4 Nf6 5. Nc3 O-O 6. Be2 e5 7. dxe5 dxe5 8. O-O
c6 9. Nxe5 Nxe4 10. Nxe4 Bxe5 11. Qb3 1-0